La justicia del rey en Nueva España

Сохранить в:
Библиографические подробности
Главный автор: García Marín, José María (Автор)
Формат:
Язык:испанский
Опубликовано: Córdoba Universidad de Córdoba 2011
Редактирование:1a. ed
Предметы:
Метки: Добавить метку
Нет меток, Требуется 1-ая метка записи!

MARC

LEADER 00000cam a2200000 a 4500
001 UCD5562
003 CL-VaPUC
008 160915e20110000sp |||||||||||||||||spa|d
020 |a 9788499271002 
082 0 4 |a 349.8  |b GAR  |2 21 
100 |a García Marín, José María  |e author  |9 591110 
245 1 3 |a La justicia del rey en Nueva España 
250 |a 1a. ed 
300 |a 612 p 
942 |c BK 
945 |d 20160915 16:42:00  |a dcastane 
260 |a Córdoba  |b Universidad de Córdoba  |c 2011 
650 0 |a Derecho Indiano  |9 256266 
650 0 |a Trabajo  |9 313876 
650 0 |a Esclavitud  |9 323605 
650 7 |a HISTORIA DEL DERECHO INDIANO  |2 CL-VaPUC  |9 486567 
583 |a last modification  |c 20160915 16:42:00  |k Rodrigo Vera 
999 |c 366215  |d 366213 
952 |0 0  |1 0  |3 erd  |4 0  |6 349_800000000000000_GAR_2011  |7 0  |8 DER_HDC  |9 480282  |a BIBDER  |b BIBDER  |i 5342120  |o 349.8 GAR 2011  |p 5342120  |r 2023-01-25  |w 2019-11-24  |x Ubicación 4to Piso  |y BK  |z Estos recursos deben solicitarse con anticipación  |k DER